| 000 | 00688cam a2200217 a 4500 | ||
|---|---|---|---|
| 001 | 000019403 | ||
| 005 | 20200929170016.0 | ||
| 008 | 950508s1964 sp 000 d spa d | ||
| 040 |
_aDO-SdBNP _bspa _dDLC _dBNPHU |
||
| 082 |
_a862.6 _bV181a, 1964 |
||
| 100 | 1 |
_aValle-Inclán, Ramón del, _d1866-1936 _93325 |
|
| 245 | 1 | 0 |
_aÁguila de Blasón : _bcomedia bárbara / _cRamón del Valle-Inclán. |
| 250 | _a2a ed. | ||
| 260 |
_aMadrid : _bEspasa Calpe, _c1964. |
||
| 300 |
_a342 p. ; _c18 cm. |
||
| 490 | 1 |
_aAustral. Violeta: teatro y poesía _v667 |
|
| 830 | 0 |
_aAustral. _pVioleta: teatro y poesía; _v667 _939559 |
|
| 910 | _aCatalogación derivada / LC | ||
| 910 | _aWM | ||
| 049 | _aBNGR | ||
| 999 |
_c18919 _d18919 |
||